[Event "ISL-chT2 1921"]
[Site "Reykjavik"]
[Date "2019.10.06"]
[Round "4.2"]
[White "Karlsson, Mikael Johann"]
[Black "Hjartarson, Bjarni"]
[Result "1-0"]
[WhiteElo "2153"]
[BlackElo "2090"]
[PlyCount "101"]
[EventDate "2019.10.04"]
[EventType "team-tourn"]
[EventRounds "7"]
[EventCountry "ISL"]
[SourceTitle "EXT 2024"]
[Source "ChessBase"]
[SourceDate "2023.10.10"]
[SourceVersion "1"]
[SourceVersionDate "2023.10.10"]
[SourceQuality "1"]
[WhiteTeam "Akureyri II"]
[BlackTeam "Vestmannaeyja"]
[WhiteTeamCountry "ISL"]
[BlackTeamCountry "ISL"]

1. c4 Nf6 2. g3 g6 3. Bg2 Bg7 4. Nc3 d6 5. d4 0-0 6. e4 c5 7. Nge2 cxd4 8. Nxd4 Nbd7 9. 0-0 Nc5 10. h3 Bd7 11. Kh2 Rc8 12. Be3 e5 13. Nb3 Be6 14. Nd2 a5 15. b3 Ne8 16. Qe2 b6 17. Rad1 f5 18. Ndb1 f4 19. Bxc5 Rxc5 20. Rd3 h5 21. Rfd1 Rf6 22. Na3 Bf7 23. Nab5 g5 24. Bf3 Rh6 25. Kg2 Bf8 26. R1d2 Rc8 27. Qd1 Qf6 28. Nd5 Bxd5 29. Rxd5 g4 30. hxg4 hxg4 31. Bxg4 Rb8 32. Bf5 Rb7 33. R5d3 Rg7 34. Qf3 Qg5 35. Rd1 Nf6 36. Nc3 Nh5 37. Ne2 fxg3 38. fxg3 Nf4+ 39. Nxf4 exf4 40. g4 Be7 41. Rf1 d5 42. Qxf4 dxe4 43. Qxe4 Kh8 44. Qf4 Qh4 45. Qg3 Qf6 46. Qf2 Bc5 47. Qd2 Qh4 48. Rd8+ Rg8 49. Qc3+ Qf6 50. Qxf6+ Rxf6 51. Rh1+ 1-0

[Event "Reykjavik op"]
[Site "Reykjavik"]
[Date "2010.02.28"]
[Round "6"]
[White "Hjartarson, Bjarni"]
[Black "Johnsen, Sylvia"]
[Result "0-1"]
[WhiteElo "2162"]
[BlackElo "2032"]
[PlyCount "86"]
[EventDate "2010.02.24"]
[EventType "swiss"]
[EventRounds "9"]
[EventCountry "ISL"]
[SourceTitle "CBM 135 Extra"]
[Source "ChessBase"]
[SourceDate "2010.05.04"]
[SourceVersion "1"]
[SourceVersionDate "2010.05.04"]
[SourceQuality "1"]

1. e4 e5 2. Nf3 Nc6 3. d4 exd4 4. Bc4 Nf6 5. e5 d5 6. Bb5 Ne4 7. Nxd4 Bd7 8. Bxc6 bxc6 9. 0-0 Bc5 10. Be3 Bb6 11. f3 Ng5 12. f4 Ne4 13. c3 f5 14. Rf3 0-0 15. Rh3 Qe8 16. Nc2 Be6 17. b4 a5 18. Bxb6 cxb6 19. bxa5 Rxa5 20. Nd4 c5 21. Nxe6 Qxe6 22. Nd2 Rfa8 23. Nxe4 dxe4 24. a4 b5 25. Rb1 bxa4 26. Rb7 Rf8 27. Qh5 h6 28. Rg3 Rf7 29. Rg6 Qxg6 30. Qxg6 Rxb7 31. Qe6+ Rf7 32. Qd6 Raa7 33. e6 Rfe7 34. Qd8+ Kh7 35. Qf8 Kg6 36. g4 fxg4 37. f5+ Kg5 38. f6 gxf6 39. Qg8+ Rg7 40. Qd8 a3 41. Qd5+ f5 42. Qd8+ Rge7 43. Qd2+ Kg6 0-1

[Event "Reykjavik op"]
[Site "Reykjavik"]
[Date "1988.??.??"]
[Round "7"]
[White "Briem, Stefan"]
[Black "Hjartarson, Bjarni"]
[Result "0-1"]
[WhiteElo "2225"]
[BlackElo "2125"]
[PlyCount "102"]
[EventDate "1988.02.??"]
[EventType "swiss"]
[EventRounds "11"]
[EventCountry "ISL"]
[SourceTitle "TD"]
[Source "ChessBase"]
[SourceDate "1994.03.01"]
[SourceVersion "1"]
[SourceVersionDate "1994.03.01"]
[SourceQuality "1"]

1. e4 c5 2. d4 cxd4 3. c3 dxc3 4. Nxc3 Nc6 5. Nf3 d6 6. Bc4 Nf6 7. 0-0 e6 8. Qe2 Be7 9. Rd1 Bd7 10. h3 h6 11. Bf4 e5 12. Be3 0-0 13. Rac1 a6 14. a4 Rc8 15. g4 Qa5 16. Nh4 Nd4 17. Bxd4 exd4 18. Ng6 Rfe8 19. Nxe7+ Rxe7 20. Rxd4 b5 21. axb5 axb5 22. Bb3 b4 23. Na2 Rxc1+ 24. Nxc1 Qa1 25. Qc2 Rxe4 26. Rd1 Qa5 27. Ne2 Qc5 28. Qd2 Re5 29. Ng3 Ne4 30. Qf4 Ng5 31. Kh2 Bc6 32. h4 Nf3+ 33. Kh3 Re7 34. Nh1 Qe5 35. Qxe5 dxe5 36. Rd8+ Kh7 37. Rd6 Bb7 38. Bc2+ g6 39. h5 e4 40. hxg6+ fxg6 41. Ng3 Kg7 42. Nf1 Rf7 43. Ne3 Ne1 44. Rd2 Rf3+ 45. Kh2 Kf6 46. Rd1 Nd3 47. Kg1 Kg5 48. Rd2 Nxf2 49. Rd7 Nh3+ 50. Kh2 Rxe3 51. Rxb7 Kh4 0-1

[Event "Reykjavik op"]
[Site "Reykjavik"]
[Date "1988.??.??"]
[Round "2"]
[White "Hjartarson, Bjarni"]
[Black "Agustsson, Johannes"]
[Result "1-0"]
[WhiteElo "2125"]
[BlackElo "2285"]
[PlyCount "63"]
[EventDate "1988.02.??"]
[EventType "swiss"]
[EventRounds "11"]
[EventCountry "ISL"]
[SourceTitle "TD"]
[Source "ChessBase"]
[SourceDate "1994.03.01"]
[SourceVersion "1"]
[SourceVersionDate "1994.03.01"]
[SourceQuality "1"]

1. e4 c5 2. Nf3 e6 3. d4 cxd4 4. Nxd4 Nf6 5. Nc3 d6 6. g4 Nc6 7. g5 Nd7 8. Be3 Be7 9. h4 0-0 10. Qd2 Nxd4 11. Bxd4 a6 12. 0-0-0 b5 13. f4 Bb7 14. Bg2 Nb6 15. b3 Qc7 16. f5 b4 17. Ne2 exf5 18. Ng3 Rfe8 19. Nxf5 Bf8 20. Qf4 Rac8 21. Rd2 Nd7 22. Kb1 Ne5 23. h5 d5 24. Rf2 dxe4 25. g6 fxg6 26. hxg6 Nxg6 27. Qg4 e3 28. Nxe3 Bxg2 29. Rxg2 Qf4 30. Qh5 h6 31. Qxg6 Qxd4 32. Nf5 1-0